Southville International School and Colleges
Your cart is empty.
  • Cart
  • Lists
    Public lists Eva Luna New books Lux_list list_1
    Your lists Log in to create your own lists
  • Log in to your account
  • Your cookies
  • Search history
Southville International School and Colleges
  • Advanced search
  • Recent comments
  • Most popular
  • Libraries

Log in to your account

Log in with GOOGLE


If you do not have an external account, but do have a local account, you can still log in:

  1. Home
  2. MARC view: Oral proficiency in English and self-esteem of ILC and mainstreamed ILC students /
Normal view MARC view ISBD view

Oral proficiency in English and self-esteem of ILC and mainstreamed ILC students / (Record no. 97901)

[ view plain ]
MARC details
000 -LEADER
fixed length control field 00885nam a2200217 a 4500
003 - CONTROL NUMBER IDENTIFIER
control field 0
005 - DATE AND TIME OF LATEST TRANSACTION
control field 20250313151019.0
008 - FIXED-LENGTH DATA ELEMENTS--GENERAL INFORMATION
fixed length control field 080723s19uu xx 00 eng d
050 ## - LIBRARY OF CONGRESS CALL NUMBER
Classification number PGS BF 723.S3
Item number .D563 2008
100 ## - MAIN ENTRY--PERSONAL NAME
Personal name Dierckx, Ashley.
245 ## - TITLE STATEMENT
Title Oral proficiency in English and self-esteem of ILC and mainstreamed ILC students /
Statement of responsibility, etc Ashley Dierckx.
260 ## - PUBLICATION, DISTRIBUTION, ETC. (IMPRINT)
Place of publication, distribution, etc Las Piñas City, Philippines :
Name of publisher, distributor, etc Southville International School and Colleges,
Date of publication, distribution, etc 2008.
300 ## - PHYSICAL DESCRIPTION
Extent 36 pages :
Other physical details illustrations ;
Dimensions 28 cm.
504 ## - BIBLIOGRAPHY, ETC. NOTE
Bibliography, etc Includes bibliographical references.
650 ## - SUBJECT ADDED ENTRY--TOPICAL TERM
Topical term or geographic name as entry element English language
Form subdivision Study and teaching
-- Foreign speakers.
650 ## - SUBJECT ADDED ENTRY--TOPICAL TERM
Topical term or geographic name as entry element Oral communication
Form subdivision Study and teaching
-- English language.
650 ## - SUBJECT ADDED ENTRY--TOPICAL TERM
Topical term or geographic name as entry element Self-esteem in children.
650 ## - SUBJECT ADDED ENTRY--TOPICAL TERM
Topical term or geographic name as entry element Inclusive education
Form subdivision Psychological aspects.
650 ## - SUBJECT ADDED ENTRY--TOPICAL TERM
Topical term or geographic name as entry element Language acquisition
Form subdivision Self-confidence.
942 ## - ADDED ENTRY ELEMENTS (KOHA)
Source of classification or shelving scheme Library of Congress Classification
Koha item type PASS
Holdings
Withdrawn status Lost status Source of classification or shelving scheme Damaged status Home library Current library Shelving location Date acquired Source of acquisition Total Checkouts Full call number Barcode Date last seen Price effective from Koha item type
    Library of Congress Classification   Luxembourg Library Luxembourg Library Portfolio Assessment of SISC Students Section 07/23/2008 Donation   PGS BF 723.S3 .D563 2008 P1993 04/08/2014 04/08/2014 PASS

Oral proficiency in English and self-esteem of ILC and mainstreamed ILC students /

APA

Dierckx A., . (2008). Oral proficiency in English and self-esteem of ILC and mainstreamed ILC students. Las Piñas City, Philippines: Southville International School and Colleges.

Chicago

Dierckx Ashley, . 2008. Oral proficiency in English and self-esteem of ILC and mainstreamed ILC students. Las Piñas City, Philippines: Southville International School and Colleges.

Harvard

Dierckx A., . (2008). Oral proficiency in English and self-esteem of ILC and mainstreamed ILC students. Las Piñas City, Philippines: Southville International School and Colleges.

MLA

Dierckx Ashley, . Oral proficiency in English and self-esteem of ILC and mainstreamed ILC students. Las Piñas City, Philippines: Southville International School and Colleges. 2008.

  • Print
  • Cite
  • Add to your cart (remove)
  • Save record
    BIBTEX Dublin Core MARCXML MARC (non-Unicode/MARC-8) MARC (Unicode/UTF-8) MARC (Unicode/UTF-8, Standard) MODS (XML) RIS
  • More searches
    Search for this title in:
    Other Libraries (WorldCat) Other Databases (Google Scholar) Online Stores (Bookfinder.com) Open Library (openlibrary.org)

Exporting to Dublin Core...

SOUTHVILLE LIBRARY

Southville International School and Colleges Library

1281 Tropical Ave. Cor. Luxembourg St., BF Homes International, Las Pinas City

Tel. No. 8256374 / 252358 Loc. 117/146

Powered by Koha